LEADER 01491nam 2200457 450 001 9910467150003321 005 20200520144314.0 010 $a1-68447-001-3 035 $a(CKB)3790000000539341 035 $a(MiAaPQ)EBC5182366 035 $a(Au-PeEL)EBL5182366 035 $a(CaPaEBR)ebr11538529 035 $a(OCoLC)1015872787 035 $a(EXLCZ)993790000000539341 100 $a20180509d2017 uy 0 101 0 $aeng 135 $aurcnu|||||||| 181 $2rdacontent 182 $2rdamedia 183 $2rdacarrier 200 10$aManaging marketing $ebest practices /$fAmerican Dental Association 210 1$a[Chicago, Illinois] :$cAmerican Dental Association,$d[2017] 210 4$d©2017 215 $a1 recurso en li?nea (iv, 96 pįginas) 225 1 $aADA Guidelines for Practice Success 311 $a1-941807-35-6 330 $aProvides dental practices with guidelines on implenting a branding strategy, website development, print and digital marketing, referral generating techniques, and advertising. 410 0$aADA guidelines for practice success. 606 $aDentistry$xPractice 606 $aDentistry$xPractice$zUnited States 608 $aElectronic books. 615 0$aDentistry$xPractice. 615 0$aDentistry$xPractice 676 $a617.60068 801 0$bMiAaPQ 801 1$bMiAaPQ 801 2$bMiAaPQ 906 $aBOOK 912 $a9910467150003321 996 $aManaging marketing$91948113 997 $aUNINA LEADER 01381nam0 2200301 i 450 001 MIL0235696 005 20231121125542.0 020 $aIT$b83-9650 100 $a20160725d1983 ||||0itac50 ba 101 | $aita 102 $ait 181 1$6z01$ai $bxxxe 182 1$6z01$an 200 1 $aAnomalie e tutele nei rapporti di distribuzione fra imprese$ediritto dei contratti e regole di concorrenza$fGiuseppe Vettori 210 $aMilano$cGiuffre$d1983 215 $a245 p.$d26 cm. 225 | $aPubblicazioni della Facoltą di giurisprudenza$fUniversitą di Firenze$v49 410 0$1001CFI0012177$12001 $aPubblicazioni della Facoltą di giurisprudenza$fUniversitą di Firenze$v49$171201$aUniversitą degli studi di Firenze$b : Facoltą di giurisprudenza$3CFIV007342 606 $aDiritto commerciale$2FIR$3RMLC067534$9I 700 1$aVettori$b, Giuseppe$f <1949- >$3MILV138621$4070$0229393 801 3$aIT$bIT-01$c20160725 850 $aIT-FR0098 899 $aBiblioteca Area Giuridico Economica$bFR0098 912 $aMIL0235696 950 0$aBiblioteca Area Giuridico Economica$d 53DSG 07/0251$e 53VM 0000260345 VM barcode:GIU0004357. - Inventario:6585VM$fA $h20010423$i20121204 977 $a 53 996 $aAnomalie e tutele nei rapporti di distribuzione fra imprese$9894780 997 $aUNICAS